000
00276nam a22001217a 4500
008
230607b xxu||||| |||| 00| 0 eng d
082
_a
592
_b
WEL
100
_c
Martin Wells
245
_a
Lower Animals
260
_a
London
_b
Martin Wells
_c
1968
300
_a
255p
942
_2
ddc
_c
BK
999
_c
783
_d
783